[Event "20. Open Internacional de Gros"]
[Site "San Sebastián ESP"]
[Date "2010.10.01"]
[Round "8.2"]
[White "Argandona Riveiro, Inigo"]
[Black "Ladron De Guevara Galar, Fco J"]
[Result "1-0"]
[WhiteElo "2408"]
[BlackElo "2087"]
[PlyCount "87"]
[EventDate "2010.09.24"]
[EventType "swiss"]
[EventRounds "9"]
[EventCountry "ESP"]
[Source "lmi"]
[SourceDate "2010.09.24"]

1. Nf3 Nf6 2. c4 e6 3. g3 d5 4. d4 Bb4+ 5. Bd2 Be7 6. Bg2 O-O 7. O-O c6 8. Qc2
b6 9. Bf4 Na6 10. a3 Bb7 11. Rd1 Qc8 12. Nbd2 c5 13. Rac1 h6 14. Qb1 Rd8 15. b4
Ne4 16. cxd5 exd5 17. bxc5 bxc5 18. Bh3 Qc6 19. Ne5 Qb6 20. Qa2 Nxd2 21. Rxd2
Bd6 22. Rb2 Qc7 23. Bg2 Rab8 24. Rxb7 Rxb7 25. Bxd5 Bxe5 26. Bxe5 Qe7 27. Bxb7
Qxb7 28. e3 Kh8 29. dxc5 Nxc5 30. Bxg7+ Kxg7 31. Qa1+ Kh7 32. Rxc5 Qf3 33. Rc1
Rd2 34. Rf1 h5 35. Qb1+ Kg7 36. Qb4 Re2 37. Qd4+ Kh7 38. Qxa7 Qf5 39. Qd4 Ra2
40. a4 Qc2 41. Qe5 Kg6 42. h4 f5 43. Qe6+ Kg7 44. Qe7+ 1-0

[Event "20. Open Internacional de Gros"]
[Site "San Sebastián ESP"]
[Date "2010.10.01"]
[Round "8.3"]
[White "Sanz Perez, Eduardo"]
[Black "Lakunza Oyarbide, Juan Carlos"]
[Result "0-1"]
[WhiteElo "2155"]
[BlackElo "2102"]
[PlyCount "92"]
[EventDate "2010.09.24"]
[EventType "swiss"]
[EventRounds "9"]
[EventCountry "ESP"]
[Source "lmi"]
[SourceDate "2010.09.24"]

1. f4 c5 2. e4 Nc6 3. Nf3 g6 4. Nc3 Bg7 5. g3 e6 6. Bg2 Nge7 7. d3 O-O 8. Be3
d6 9. O-O Rb8 10. Qd2 b6 11. Rae1 Nd4 12. Nh4 f5 13. e5 dxe5 14. fxe5 Bb7 15.
Bg5 Qd7 16. Rf2 Bxg2 17. Nxg2 Nec6 18. Bf4 Nb4 19. Ne3 h6 20. h4 b5 21. a3 Nbc6
22. Ng2 Kh7 23. Qe3 Rfc8 24. Ref1 Ne7 25. Ne1 a5 26. g4 b4 27. axb4 axb4 28.
Nd1 fxg4 29. h5 Ndf5 30. hxg6+ Nxg6 31. Qe2 g3 32. Rg2 Qd4+ 33. Be3 Qxe5 34.
Nf3 Qd6 35. Qe1 Rf8 36. Bd2 Ra8 37. Qe4 Qd5 38. Qg4 Ne5 39. Nxe5 Bxe5 40. Qh5
Qd4+ 41. Be3 Nxe3 42. Rf7+ Rxf7 43. Qxf7+ Bg7 44. c3 Qxd3 45. Rxg3 Qxd1+ 46.
Kh2 Nf1+ 0-1

[Event "20. Open Internacional de Gros"]
[Site "San Sebastián ESP"]
[Date "2010.10.01"]
[Round "8.4"]
[White "Guijarro Galan, Jose Luis"]
[Black "Lazkano Gaite, Tomas"]
[Result "1-0"]
[WhiteElo "2222"]
[BlackElo "1736"]
[PlyCount "52"]
[EventDate "2010.09.24"]
[EventType "swiss"]
[EventRounds "9"]
[EventCountry "ESP"]
[Source "lmi"]
[SourceDate "2010.09.24"]

1. e4 c5 2. Nc3 Nc6 3. Nge2 Nf6 4. g3 d5 5. exd5 Nxd5 6. Bg2 Nf6 7. d3 Bg4 8.
h3 Bh5 9. g4 Bg6 10. f4 e6 11. Be3 Qa5 12. Nc1 Rd8 13. Nb3 Qc7 14. Qe2 Nd4 15.
Qf2 Nxb3 16. axb3 a6 17. O-O-O Be7 18. Rhe1 O-O 19. f5 exf5 20. g5 Bd6 21. gxf6
f4 22. fxg7 Rfe8 23. Bd2 Be5 24. Nd5 Qd6 25. Bxf4 Bh5 26. Bxe5 Rxe5 1-0

[Event "20. Open Internacional de Gros"]
[Site "San Sebastián ESP"]
[Date "2010.10.01"]
[Round "8.5"]
[White "Tung, Siu Hung"]
[Black "Alvarado Fernandez, Mikel"]
[Result "1-0"]
[WhiteElo "1875"]
[BlackElo "2010"]
[PlyCount "153"]
[EventDate "2010.09.24"]
[EventType "swiss"]
[EventRounds "9"]
[EventCountry "ESP"]
[Source "lmi"]
[SourceDate "2010.09.24"]

1. e4 e5 2. Nf3 Nc6 3. Bb5 a6 4. Ba4 Nf6 5. O-O Be7 6. Re1 b5 7. Bb3 d6 8. c3
O-O 9. h3 Nd7 10. d3 Na5 11. Bc2 c5 12. Nbd2 Bb7 13. Nf1 g6 14. Ng3 Bf6 15. Nh2
Bg7 16. Ng4 Qh4 17. Nh2 Rfe8 18. Be3 Nf8 19. Qd2 Ne6 20. b3 Nc6 21. Rf1 Qe7 22.
Ng4 Nf4 23. Rae1 h5 24. Nh2 Bc8 25. Nf3 Qf6 26. Bxf4 exf4 27. Ne2 g5 28. d4 g4
29. e5 dxe5 30. dxe5 Qh6 31. Nh2 Bxe5 32. Nxf4 Rd8 33. Qe2 Qxf4 34. g3 Qh6 35.
hxg4 h4 36. Qf3 Bb7 37. Rxe5 Nxe5 38. Qxb7 hxg3 39. fxg3 Qe3+ 40. Kh1 Rab8 41.
Qc7 Rbc8 42. Qb7 Kg7 43. Qe7 Re8 44. Qf6+ Kg8 45. Qf5 Qh6 46. Kg2 Rcd8 47. Rf2
Rd2 48. Rxd2 Qxd2+ 49. Kh3 Qh6+ 50. Kg2 Ng6 51. Be4 Qe3 52. Bd5 Re7 53. Qxg6+
Kf8 54. Qh5 Qd2+ 55. Kh3 Qxc3 56. Nf3 Qf6 57. Ng5 Ke8 58. Nh7 Qf1+ 59. Bg2 Qf2
60. Qd5 Qd4 61. Qc6+ Kd8 62. Qa8+ Kd7 63. Qc6+ Kd8 64. Nf6 Re6 65. Qa8+ Ke7 66.
Nd5+ Kd6 67. Qd8+ Ke5 68. Qc7+ Rd6 69. g5 Qd2 70. Nf4 Kf5 71. Qxf7+ Kxg5 72.
Qh5+ Kf6 73. Qxc5 Ke7 74. Qe5+ Kd7 75. Qf5+ Kc7 76. Nd5+ Kb7 77. Qf7+ 1-0

[Event "20. Open Internacional de Gros"]
[Site "San Sebastián ESP"]
[Date "2010.10.01"]
[Round "8.6"]
[White "Rodriguez Cabrera, Fco  Javier"]
[Black "Maruejols, Claude"]
[Result "1/2-1/2"]
[WhiteElo "1973"]
[BlackElo "1990"]
[PlyCount "53"]
[EventDate "2010.09.24"]
[EventType "swiss"]
[EventRounds "9"]
[EventCountry "ESP"]
[Source "lmi"]
[SourceDate "2010.09.24"]

1. e4 c5 2. Nf3 d6 3. d4 cxd4 4. Nxd4 Nf6 5. Nc3 a6 6. Be3 e6 7. Qd2 Nbd7 8. f3
b5 9. g4 Nb6 10. O-O-O Qc7 11. e5 Nfd5 12. exd6 Bxd6 13. Nxd5 Nxd5 14. Kb1 O-O
15. Ne2 Nxe3 16. Qxe3 Bb7 17. Bg2 Rfc8 18. Rd2 Bd5 19. Rf1 Qa5 20. Nc1 Bb4 21.
Rdd1 Qc7 22. Qf2 Qb7 23. Nd3 a5 24. Bh1 Ra6 25. f4 Bxh1 26. Rxh1 Be7 27. Ne5
1/2-1/2

[Event "20. Open Internacional de Gros"]
[Site "San Sebastián ESP"]
[Date "2010.10.01"]
[Round "8.7"]
[White "Riesco Lecuona, Juan Manuel"]
[Black "Fuente San Sebastian, Ernesto"]
[Result "1-0"]
[WhiteElo "1931"]
[BlackElo "1880"]
[PlyCount "85"]
[EventDate "2010.09.24"]
[EventType "swiss"]
[EventRounds "9"]
[EventCountry "ESP"]
[Source "lmi"]
[SourceDate "2010.09.24"]

1. e4 Nf6 2. e5 Nd5 3. c4 Nb6 4. a4 a5 5. c5 Nd5 6. Nc3 Nb4 7. Bb5 c6 8. Bc4 d5
9. exd6 exd6 10. cxd6 Bxd6 11. Nge2 O-O 12. d3 Bg4 13. Ne4 b5 14. axb5 cxb5 15.
Bxb5 Qc7 16. Nxd6 Nc2+ 17. Kf1 Nxa1 18. Nc4 Nc6 19. f3 Ne5 20. Bf4 Nxc4 21.
Bxc4 Qd7 22. fxg4 Qxg4 23. Qxa1 Rfe8 24. Qd1 Rxe2 25. Qxe2 Qxf4+ 26. Qf3 Qc1+
27. Kf2 Qxb2+ 28. Kg3 Qe5+ 29. Qf4 Qh5 30. h3 Re8 31. Rf1 Qg6+ 32. Kh2 Rf8 33.
Qf5 Qd6+ 34. Kh1 Kh8 35. Qxa5 h6 36. Qd5 Qg3 37. Rxf7 Qe1+ 38. Kh2 Rxf7 39.
Qxf7 Qe5+ 40. Kg1 Qe1+ 41. Qf1 Qe3+ 42. Qf2 Qc1+ 43. Kh2 1-0

[Event "20. Open Internacional de Gros"]
[Site "San Sebastián ESP"]
[Date "2010.10.01"]
[Round "8.8"]
[White "Darrigues, Alain"]
[Black "Markina Amutxastegi, Fernando"]
[Result "0-1"]
[WhiteElo "1996"]
[BlackElo "1797"]
[PlyCount "111"]
[EventDate "2010.09.24"]
[EventType "swiss"]
[EventRounds "9"]
[EventCountry "ESP"]
[Source "lmi"]
[SourceDate "2010.09.24"]

1. d4 Nf6 2. c4 g6 3. Nc3 d5 4. Nf3 Bg7 5. Qb3 dxc4 6. Qxc4 O-O 7. e4 c6 8. Be2
b6 9. Qa4 Bb7 10. O-O Nbd7 11. Bf4 e6 12. Rad1 Qc8 13. Rfe1 a6 14. h3 Re8 15.
Bh2 Bf8 16. Qb3 b5 17. e5 Nd5 18. Ne4 c5 19. dxc5 Nxc5 20. Nxc5 Qxc5 21. a3 Bh6
22. Nd2 Nf4 23. Bf3 Bxf3 24. Qxf3 Nd5 25. Ne4 Qc2 26. b4 Red8 27. Bg3 Rdc8 28.
Rd3 Bg7 29. Red1 a5 30. Nd6 Rf8 31. bxa5 Rxa5 32. Rb3 b4 33. axb4 Ra4 34. b5
Nf4 35. Re3 Nd5 36. Red3 Bh6 37. Rd4 Nc3 38. Rxa4 Ne2+ 39. Kh2 Qxd1 40. Ra1
Qxa1 41. Qxe2 Qd4 42. Ne4 Bg7 43. Nd6 h5 44. h4 Bh6 45. Ne4 Bg7 46. Nd6 Bh6 47.
Kh3 Bg7 48. f4 Ra8 49. Qf3 Ra1 50. Bh2 Bh6 51. g3 Qd2 52. Qb7 Ra2 53. Qxf7+ Kh8
54. Qe8+ Kh7 55. Qd7+ Bg7 56. Qb7 0-1

[Event "20. Open Internacional de Gros"]
[Site "San Sebastián ESP"]
[Date "2010.10.01"]
[Round "8.9"]
[White "Segovia Sanchez, Antonio"]
[Black "Espin Laborde, Jesus Maria"]
[Result "1-0"]
[WhiteElo "1983"]
[BlackElo "1777"]
[PlyCount "83"]
[EventDate "2010.09.24"]
[EventType "swiss"]
[EventRounds "9"]
[EventCountry "ESP"]
[Source "lmi"]
[SourceDate "2010.09.24"]

1. d4 Nf6 2. Nf3 g6 3. Bf4 Bg7 4. e3 d5 5. h3 O-O 6. Nbd2 Re8 7. Be2 Nbd7 8. c3
c6 9. O-O Qb6 10. Qb3 Qxb3 11. axb3 b5 12. Ra2 Bb7 13. Rfa1 a6 14. b4 h6 15.
Nb3 g5 16. Be5 Ra7 17. Bxf6 Bxf6 18. Ne1 e5 19. Bg4 Nb6 20. Nc5 Bc8 21. Bxc8
Rxc8 22. Rxa6 Rxa6 23. Rxa6 Nc4 24. dxe5 Nxe5 25. Ned3 Nxd3 26. Nxd3 Rc7 27.
Ra8+ Kg7 28. Nc5 Be5 29. Na6 Rb7 30. Rc8 Rb6 31. Nc5 Bd6 32. Nb3 f5 33. Nd4 Kf6
34. Rxc6 Rxc6 35. Nxc6 f4 36. Nd4 fxe3 37. fxe3 Ke5 38. Kf2 Ke4 39. Nxb5 Bb8
40. Ke2 Bh2 41. Nd4 h5 42. Nf3 1-0

[Event "20. Open Internacional de Gros"]
[Site "San Sebastián ESP"]
[Date "2010.10.01"]
[Round "8.10"]
[White "Boo Aldanondo, Alex"]
[Black "Fernandez Zubitur, Jokin"]
[Result "0-1"]
[WhiteElo "1679"]
[BlackElo "1907"]
[PlyCount "36"]
[EventDate "2010.09.24"]
[EventType "swiss"]
[EventRounds "9"]
[EventCountry "ESP"]
[Source "lmi"]
[SourceDate "2010.09.24"]

1. e4 e5 2. Nf3 Nc6 3. d4 exd4 4. Nxd4 Bc5 5. c3 Qe7 6. f3 Bxd4 7. cxd4 d5 8.
Nc3 dxe4 9. Nd5 Qd8 10. fxe4 Qh4+ 11. Kd2 Bg4 12. g3 Qh5 13. Qb3 O-O-O 14. Kc3
Bf3 15. g4 Qxg4 16. Ne3 Qxe4 17. Bh3+ Kb8 18. Rd1 Bxd1 0-1

[Event "20. Open Internacional de Gros"]
[Site "San Sebastián ESP"]
[Date "2010.10.01"]
[Round "8.11"]
[White "Gonzalez Pueyo, Patricia"]
[Black "Bello Castano, Diego"]
[Result "0-1"]
[WhiteElo "1605"]
[BlackElo "1893"]
[PlyCount "74"]
[EventDate "2010.09.24"]
[EventType "swiss"]
[EventRounds "9"]
[EventCountry "ESP"]
[Source "lmi"]
[SourceDate "2010.09.24"]

1. e4 c6 2. d4 d5 3. Nc3 dxe4 4. Nxe4 Nf6 5. f3 Nxe4 6. fxe4 e5 7. d5 Qh4+ 8.
Ke2 Qxe4+ 9. Be3 cxd5 10. Qd3 Qxd3+ 11. cxd3 Bg4+ 12. Ke1 Bb4+ 13. Bd2 Bxd2+
14. Kxd2 Nc6 15. h3 Be6 16. Nf3 f6 17. Re1 Rc8 18. a3 O-O 19. g4 Na5 20. Rb1
Nb3+ 21. Kd1 Rc7 22. Nd2 Nxd2 23. Kxd2 Rfc8 24. Ke3 Rc2 25. d4 Rc1 26. Be2 Rxh1
27. Rxh1 Rc2 28. dxe5 fxe5 29. Rb1 h5 30. Bd3 Rh2 31. Bg6 Rxh3+ 32. Kf2 Bxg4
33. Rc1 Rf3+ 34. Kg2 Rf6 35. Be8 Kh7 36. Rc7 d4 37. Rxb7 Bf3+ 0-1

[Event "20. Open Internacional de Gros"]
[Site "San Sebastián ESP"]
[Date "2010.10.01"]
[Round "8.12"]
[White "Zubia Aramburu, Mikel"]
[Black "Portugal Sarasola, Martin"]
[Result "1-0"]
[WhiteElo "1834"]
[BlackElo "1574"]
[PlyCount "65"]
[EventDate "2010.09.24"]
[EventType "swiss"]
[EventRounds "9"]
[EventCountry "ESP"]
[Source "lmi"]
[SourceDate "2010.09.24"]

1. c4 e5 2. Nc3 Nf6 3. d3 Bb4 4. Qb3 a5 5. a3 Be7 6. Nf3 Nc6 7. g3 O-O 8. Bg2
d6 9. O-O Qd7 10. Qd1 Rb8 11. d4 exd4 12. Nxd4 Nxd4 13. Qxd4 c5 14. Qd3 b6 15.
Nb5 Ba6 16. Nc3 Bb7 17. e4 Ng4 18. Bf4 Rfd8 19. Rad1 Qc6 20. Nd5 Bf8 21. h3 Ne5
22. Qc3 f6 23. Be3 b5 24. cxb5 Qxb5 25. f4 Nf7 26. Rd2 a4 27. Rfd1 Bc6 28. e5
fxe5 29. fxe5 Nxe5 30. Bf4 Nf7 31. Qf3 Qb7 32. Qg4 Qd7 33. Nf6+ 1-0

[Event "20. Open Internacional de Gros"]
[Site "San Sebastián ESP"]
[Date "2010.10.02"]
[Round "9.1"]
[White "Mirzoev, Azer"]
[Black "Lakunza Oyarbide, Juan Carlos"]
[Result "1-0"]
[WhiteElo "2527"]
[BlackElo "2102"]
[PlyCount "113"]
[EventDate "2010.09.24"]
[EventType "swiss"]
[EventRounds "9"]
[EventCountry "ESP"]
[Source "lmi"]
[SourceDate "2010.09.24"]

1. Nf3 Nf6 2. c4 g6 3. Nc3 Bg7 4. d4 O-O 5. Bg5 h6 6. Bh4 d6 7. e3 c5 8. Be2
Bf5 9. O-O Ne4 10. Qb3 Nxc3 11. bxc3 Qd7 12. Rfd1 b6 13. Nd2 g5 14. Bg3 Nc6 15.
d5 Na5 16. Qb2 e5 17. e4 Bg6 18. Re1 h5 19. f3 Bh6 20. Bd3 Kh7 21. Qc2 Rg8 22.
Kh1 Raf8 23. Nf1 f6 24. Ne3 Be8 25. a4 Rg6 26. Nf5 Rfg8 27. Bf2 Bf8 28. Ra2 Qc8
29. Be3 Bd7 30. Ng3 Rh6 31. Nf1 Qe8 32. Bc1 Rhg6 33. Qd1 Bc8 34. Ne3 Bd7 35.
Rf1 Bh6 36. g3 Bh3 37. Rff2 Bd7 38. Ng2 Kh8 39. Be3 Kh7 40. Bc1 Bc8 41. Ne3 Bd7
42. Nf5 Bf8 43. Rf1 Bc8 44. f4 g4 45. Nh4 R6g7 46. Ng2 Bd7 47. Ne3 Rg6 48. f5
R6g7 49. Be2 Rg5 50. Ng2 R5g7 51. Nh4 Qd8 52. h3 gxh3 53. Bxh5 Rxg3 54. Bg6+
Kg7 55. Kh2 Rg5 56. Bxg5 fxg5 57. f6+ 1-0

[Event "20. Open Internacional de Gros"]
[Site "San Sebastián ESP"]
[Date "2010.10.02"]
[Round "9.2"]
[White "Guijarro Galan, Jose Luis"]
[Black "Argandona Riveiro, Inigo"]
[Result "1/2-1/2"]
[WhiteElo "2222"]
[BlackElo "2408"]
[PlyCount "52"]
[EventDate "2010.09.24"]
[EventType "swiss"]
[EventRounds "9"]
[EventCountry "ESP"]
[Source "lmi"]
[SourceDate "2010.09.24"]

1. e4 c5 2. Nc3 Nc6 3. g3 g6 4. Bg2 Bg7 5. Nge2 Rb8 6. f4 b5 7. e5 Bb7 8. d4
cxd4 9. Nxd4 Nxd4 10. Bxb7 Nxc2+ 11. Qxc2 Rxb7 12. Qe4 Qb8 13. Be3 f5 14. Qb4
e6 15. Bc5 Nh6 16. O-O-O Bf8 17. Kb1 Bxc5 18. Qxc5 b4 19. Na4 Rc7 20. Qd4 Qb5
21. Qd6 Rc8 22. Rc1 Rd8 23. Nc5 Nf7 24. Qc7 O-O 25. Qxa7 d6 26. Qb7 Qxb7
1/2-1/2

[Event "20. Open Internacional de Gros"]
[Site "San Sebastián ESP"]
[Date "2010.10.02"]
[Round "9.3"]
[White "Ladron De Guevara Galar, Fco J"]
[Black "Hernandez, Elvis"]
[Result "1-0"]
[WhiteElo "2087"]
[BlackElo "2282"]
[PlyCount "141"]
[EventDate "2010.09.24"]
[EventType "swiss"]
[EventRounds "9"]
[EventCountry "ESP"]
[Source "lmi"]
[SourceDate "2010.09.24"]

1. d4 d5 2. c4 dxc4 3. Nf3 a6 4. e3 Be6 5. a4 Nc6 6. Bd2 Nf6 7. Na3 Ne4 8. Bxc4
Bxc4 9. Nxc4 Nxd2 10. Ncxd2 e6 11. O-O Bb4 12. Ne4 Qd5 13. Qc2 Be7 14. Rac1 a5
15. Rfd1 Nb4 16. Qb1 c6 17. Ne5 Qd8 18. Nc5 Qc7 19. Qe4 O-O 20. f4 Bd6 21. Qf3
Rfe8 22. Rf1 Rad8 23. Ne4 f6 24. Nc4 Bf8 25. Qg3 Kh8 26. Qh4 c5 27. dxc5 Bxc5
28. Kh1 Nd3 29. Rc3 Bb4 30. Rc2 f5 31. Ng5 h6 32. Qh5 Kg8 33. Ne5 Nc5 34. Ngf7
Qe7 35. Nxd8 Rxd8 36. Rd1 Rf8 37. Qe2 Ra8 38. Qb5 Kh7 39. g3 Rd8 40. Rdc1 Rd5
41. Qe2 Rxe5 42. fxe5 Qc7 43. Qc4 Qc6+ 44. Kg1 Qf3 45. Qe2 Qd5 46. Qc4 Qf3 47.
Qf4 Qd5 48. Qd4 Nxa4 49. Qxd5 exd5 50. b3 Nb6 51. Kf2 Nd7 52. Rd1 Nxe5 53. Rxd5
Ng4+ 54. Ke2 Kg6 55. h4 Nf6 56. Rb5 Ne4 57. Kf3 Nd2+ 58. Kg2 Nxb3 59. Rxb7 Kf6
60. Rc6+ Ke5 61. Rxg7 Ke4 62. Re6+ Kd3 63. Rxh6 Kxe3 64. Rb6 Nc5 65. h5 Bc3 66.
Rc7 Bd4 67. Rb5 Ne4 68. Rxa5 Kd3 69. Rd7 Ke3 70. Ra3+ Nc3 71. Rxd4 1-0

[Event "20. Open Internacional de Gros"]
[Site "San Sebastián ESP"]
[Date "2010.10.02"]
[Round "9.4"]
[White "Bello Castano, Diego"]
[Black "Tung, Siu Hung"]
[Result "0-1"]
[WhiteElo "1893"]
[BlackElo "1875"]
[PlyCount "68"]
[EventDate "2010.09.24"]
[EventType "swiss"]
[EventRounds "9"]
[EventCountry "ESP"]
[Source "lmi"]
[SourceDate "2010.09.24"]

1. Nf3 Nf6 2. b3 g6 3. Bb2 Bg7 4. g3 O-O 5. Bg2 c5 6. d4 d5 7. dxc5 Nc6 8. O-O
Qa5 9. Nc3 Qxc5 10. Na4 Qa5 11. a3 Rd8 12. Ne5 Qc7 13. Nxc6 bxc6 14. Nc5 Qd6
15. b4 a5 16. Qd2 Rb8 17. Rfd1 axb4 18. axb4 e5 19. c4 Qe7 20. cxd5 cxd5 21.
Ra5 d4 22. Nd3 Nd7 23. Ra7 Qf6 24. Rc1 Nf8 25. Rcc7 Rd7 26. Qc2 Qd6 27. Rxd7
Bxd7 28. Qc7 Qxc7 29. Rxc7 Bf5 30. Rb7 Rd8 31. b5 e4 32. Nc5 d3 33. exd3 Bxb2
34. dxe4 Rd1+ 0-1

[Event "20. Open Internacional de Gros"]
[Site "San Sebastián ESP"]
[Date "2010.10.02"]
[Round "9.5"]
[White "Fernandez Zubitur, Jokin"]
[Black "Sanz Perez, Eduardo"]
[Result "1-0"]
[WhiteElo "1907"]
[BlackElo "2155"]
[PlyCount "77"]
[EventDate "2010.09.24"]
[EventType "swiss"]
[EventRounds "9"]
[EventCountry "ESP"]
[Source "lmi"]
[SourceDate "2010.09.24"]

1. e4 e6 2. d4 d5 3. exd5 exd5 4. Bd3 Nc6 5. Nf3 Bg4 6. c3 Bd6 7. O-O Qd7 8.
Nbd2 Nge7 9. Re1 O-O-O 10. b4 Ng6 11. a4 Rde8 12. Rxe8+ Rxe8 13. a5 Nf4 14. Bf1
Qf5 15. b5 Nd8 16. c4 Nd3 17. Qa4 Re1 18. Qc2 Bxh2+ 19. Kxh2 Bxf3 20. Qxd3 Qf4+
21. Kg1 Be2 22. Qe3 Qf5 23. Bb2 Rxa1 24. Bxa1 Bxf1 25. Nxf1 Qb1 26. Bc3 dxc4
27. Qh3+ f5 28. b6 cxb6 29. axb6 axb6 30. Qxh7 Qd3 31. Qh3 Qb1 32. Qg3 b5 33.
Ba5 Ne6 34. d5 Qa1 35. Bb6 f4 36. Qg4 Qe5 37. Qxe6+ Qxe6 38. dxe6 b4 39. Nd2
1-0

[Event "20. Open Internacional de Gros"]
[Site "San Sebastián ESP"]
[Date "2010.10.02"]
[Round "9.6"]
[White "Maruejols, Claude"]
[Black "Riesco Lecuona, Juan Manuel"]
[Result "1-0"]
[WhiteElo "1990"]
[BlackElo "1931"]
[PlyCount "73"]
[EventDate "2010.09.24"]
[EventType "swiss"]
[EventRounds "9"]
[EventCountry "ESP"]
[Source "lmi"]
[SourceDate "2010.09.24"]

1. d4 f5 2. g3 Nf6 3. Bg2 e6 4. Nf3 d5 5. O-O Be7 6. c4 c6 7. Bf4 O-O 8. Nbd2
Ne4 9. Bxb8 Rxb8 10. e3 Bf6 11. Rc1 Bd7 12. Ne5 Bxe5 13. dxe5 Qc7 14. f4 Be8
15. Nb3 Rd8 16. Qe2 Qf7 17. Rfd1 Qe7 18. a3 h5 19. Bf3 g6 20. c5 b6 21. Bxe4
fxe4 22. h4 Kg7 23. Kg2 Kh6 24. Rc2 Bd7 25. Rdc1 Rc8 26. Nd4 Qe8 27. Qa6 b5 28.
Qxa7 Ra8 29. Qc7 Ra4 30. Ra1 b4 31. Rcc1 Rf7 32. Qb7 Qa8 33. Qxa8 Rxa8 34. axb4
Rb8 35. b5 cxb5 36. c6 Bc8 37. b4 1-0

[Event "20. Open Internacional de Gros"]
[Site "San Sebastián ESP"]
[Date "2010.10.02"]
[Round "9.7"]
[White "Markina Amutxastegi, Fernando"]
[Black "Segovia Sanchez, Antonio"]
[Result "0-1"]
[WhiteElo "1797"]
[BlackElo "1983"]
[PlyCount "80"]
[EventDate "2010.09.24"]
[EventType "swiss"]
[EventRounds "9"]
[EventCountry "ESP"]
[Source "lmi"]
[SourceDate "2010.09.24"]

1. e4 d5 2. exd5 Qxd5 3. d4 Nf6 4. Nf3 Bg4 5. Be2 Nc6 6. c4 Qd7 7. Be3 e6 8.
O-O Be7 9. Nc3 O-O 10. Qa4 Bb4 11. Rad1 Bxc3 12. bxc3 Nxd4 13. Qxd7 Nxe2+ 14.
Kh1 Nxd7 15. Rxd7 Bxf3 16. gxf3 Nxc3 17. a3 Rac8 18. Rg1 Rfd8 19. Rxd8+ Rxd8
20. Bxa7 b6 21. c5 Nd5 22. cxb6 cxb6 23. Rb1 Ra8 24. Bxb6 Rb8 25. a4 Rxb6 26.
Rxb6 Nxb6 27. a5 Nc8 28. f4 Kf8 29. Kg2 Ke7 30. Kf3 Kd6 31. f5 exf5 32. Kf4 Kc5
33. Kxf5 Kb5 34. h4 Kxa5 35. h5 h6 36. Ke5 Kb5 37. f4 Kc5 38. f5 Nd6 39. f6 g6
40. hxg6 fxg6 0-1

[Event "20. Open Internacional de Gros"]
[Site "San Sebastián ESP"]
[Date "2010.10.02"]
[Round "9.8"]
[White "Fuente San Sebastian, Ernesto"]
[Black "Rodriguez Cabrera, Fco  Javier"]
[Result "1-0"]
[WhiteElo "1880"]
[BlackElo "1973"]
[PlyCount "56"]
[EventDate "2010.09.24"]
[EventType "swiss"]
[EventRounds "9"]
[EventCountry "ESP"]
[Source "lmi"]
[SourceDate "2010.09.24"]

1. e4 c5 2. Nf3 d6 3. d4 cxd4 4. Nxd4 Nf6 5. Nc3 a6 6. f3 e6 7. Be3 b5 8. Qd2
Be7 9. g4 Bb7 10. O-O-O Nc6 11. h4 Ne5 12. g5 Nfd7 13. Rg1 Nb6 14. b3 Rc8 15.
f4 Ned7 16. f5 e5 17. f6 exd4 18. fxe7 Qxe7 19. Bxd4 O-O 20. Qe3 d5 21. Kb2 Qb4
22. a3 Nc4+ 23. Bxc4 Qa5 24. Bf1 Qb4 25. Bh3 Nb6 26. Bf1 Qe7 27. Bf6 Qb4 28.
Bd4 Qe7 1-0

[Event "20. Open Internacional de Gros"]
[Site "San Sebastián ESP"]
[Date "2010.10.02"]
[Round "9.9"]
[White "Lazkano Gaite, Tomas"]
[Black "Alvarado Fernandez, Mikel"]
[Result "0-1"]
[WhiteElo "1736"]
[BlackElo "2010"]
[PlyCount "142"]
[EventDate "2010.09.24"]
[EventType "swiss"]
[EventRounds "9"]
[EventCountry "ESP"]
[Source "lmi"]
[SourceDate "2010.09.24"]

1. d4 d5 2. c4 c6 3. Nf3 Nf6 4. Nc3 a6 5. e3 Nbd7 6. c5 Qc7 7. Be2 e5 8. b4 Be7
9. dxe5 Nxe5 10. Bb2 Nxf3+ 11. Bxf3 b6 12. Na4 bxc5 13. Nxc5 a5 14. a3 Qb6 15.
Qd4 axb4 16. axb4 Rxa1+ 17. Bxa1 O-O 18. O-O Bf5 19. Qf4 Bc8 20. Be5 Ne8 21.
Rc1 f6 22. Bc3 Bxc5 23. bxc5 Qxc5 24. Qb8 Nd6 25. Bd2 Qa3 26. h3 Nc4 27. Qb4
Qxb4 28. Bxb4 Rf7 29. g4 Rb7 30. Be1 Bd7 31. Be2 Nd6 32. f3 Rb2 33. Kf1 Kf7 34.
Bc3 Ra2 35. Bd4 Nb7 36. e4 Na5 37. exd5 cxd5 38. Rc7 Ke6 39. Ra7 Ra4 40. Ra6+
Kf7 41. Bc5 Nb3 42. Rxa4 Bxa4 43. Be3 Ke6 44. f4 g6 45. Bd3 Be8 46. Ke2 Kd6 47.
Bc2 Nc5 48. Bd4 Ne6 49. Bxf6 Nxf4+ 50. Kf3 Ne6 51. Ke3 Kc5 52. Bb1 Bc6 53. h4
d4+ 54. Kd2 Kd6 55. h5 Be8 56. hxg6 Bxg6 57. Bxg6 hxg6 58. Kd3 Kd5 59. Bh8 Nf4+
60. Kd2 Ke4 61. Bf6 Nd5 62. Bd8 Ne3 63. g5 Nc4+ 64. Ke2 d3+ 65. Kd1 Ke3 66. Bf6
d2 67. Bc3 Kd3 68. Bxd2 Nxd2 69. Ke1 Ne4 70. Kf1 Ke3 71. Kg2 Kf4 0-1

[Event "20. Open Internacional de Gros"]
[Site "San Sebastián ESP"]
[Date "2010.10.02"]
[Round "9.10"]
[White "Garcia Nestar, Daniel"]
[Black "Zubia Aramburu, Mikel"]
[Result "1-0"]
[WhiteElo "1574"]
[BlackElo "1834"]
[PlyCount "96"]
[EventDate "2010.09.24"]
[EventType "swiss"]
[EventRounds "9"]
[EventCountry "ESP"]
[Source "lmi"]
[SourceDate "2010.09.24"]

1. d4 d5 2. c4 c6 3. Nc3 Nf6 4. Nf3 e6 5. Bg5 Nbd7 6. e3 Be7 7. Bd3 dxc4 8.
Bxc4 b5 9. Bd3 a6 10. O-O c5 11. dxc5 Nxc5 12. Bc2 Bb7 13. Qe2 h6 14. Rad1 Qb6
15. Bh4 O-O 16. Rd2 Rfe8 17. Rfd1 Qa5 18. a3 b4 19. axb4 Qxb4 20. Rd4 Qa5 21.
b4 Qa3 22. Nb1 Bxf3 23. gxf3 Qa1 24. bxc5 Bxc5 25. Bxf6 gxf6 26. Rg4+ Kf8 27.
Qd3 f5 28. Nc3 Red8 29. Rxa1 Rxd3 30. Bxd3 fxg4 31. fxg4 a5 32. Bc2 Rd8 33. Na4
Bb4 34. Nb6 Rd2 35. Be4 Ke7 36. Nc4 Rd8 37. Nxa5 Bxa5 38. Rxa5 Rb8 39. Rh5 Rg8
40. h3 f5 41. Bxf5 exf5 42. Rxf5 Rg6 43. f4 Rb6 44. Kf2 Rb2+ 45. Kg3 Rb6 46. e4
Ke6 47. e5 Rb3+ 48. Kh4 Kd5 1-0

[Event "20. Open Internacional de Gros"]
[Site "San Sebastián ESP"]
[Date "2010.10.02"]
[Round "9.11"]
[White "Berdote Alonso, Carlos"]
[Black "Izquierdo Arruferia, Joseba"]
[Result "1/2-1/2"]
[WhiteElo "1508"]
[BlackElo "1807"]
[PlyCount "118"]
[EventDate "2010.09.24"]
[EventType "swiss"]
[EventRounds "9"]
[EventCountry "ESP"]
[Source "lmi"]
[SourceDate "2010.09.24"]

1. e4 e6 2. d4 d5 3. e5 c5 4. c3 Nc6 5. Nf3 Qb6 6. Be2 Bd7 7. O-O cxd4 8. cxd4
Nge7 9. b3 Nf5 10. Bb2 Rc8 11. g4 Nfe7 12. Nc3 Ng6 13. Na4 Qd8 14. Qd2 Be7 15.
Rac1 O-O 16. Nc5 Ncxe5 17. dxe5 Bxc5 18. Rc2 Qb6 19. Bc3 Bb4 20. Rfc1 Bxc3 21.
Rxc3 Rxc3 22. Rxc3 Rc8 23. Rxc8+ Bxc8 24. Bd3 Qc7 25. Bxg6 hxg6 26. Kg2 Bd7 27.
Qb4 Bc6 28. g5 Qd8 29. Kg3 a6 30. h4 Qc7 31. Qc3 Qb6 32. Nd4 Kf8 33. f4 Ke7 34.
Qe3 Kd7 35. Qc3 Qc7 36. Qb4 Ke8 37. Qc5 Qe7 38. Qb6 Qd7 39. Qa7 Qc8 40. Qb6 Bd7
41. Kg4 Qc3 42. Qd6 Qc1 43. Nf3 Qc2 44. Kg3 Qc6 45. Qb8+ Bc8 46. Qa7 b6 47. Qb8
Kd7 48. Qa7+ Qb7 49. Qxb7+ Bxb7 50. Kf2 Kc6 51. Ke3 Kc5 52. Kd3 a5 53. Nd4 Ba6+
54. Kc3 b5 55. Kd3 Bc8 56. a3 Bd7 57. Nc2 Bc8 58. b4+ Kb6 59. Kd4 a4 1/2-1/2